[Event "ch-FRA Blitz Online Qual"]
[Site "Europe-Chess INT"]
[Date "2020.05.16"]
[Round "3"]
[White "Vieira, William"]
[Black "Cuttoli, Alexandre"]
[Result "0-1"]
[WhiteElo "1593"]
[BlackElo "2044"]
[WhiteFideId "20661193"]
[BlackFideId "36007293"]
[EventDate "2020.05.16"]

1. e4 e5 2. Nf3 Nc6 3. Bc4 Nf6 4. Ng5 d5 5. exd5 Na5 6. Bb5+ c6 7. dxc6 bxc6 8.
Qf3 Bd7 9. Ba4 h6 10. Ne4 Nxe4 11. Qxe4 Bd6 12. O-O O-O 13. d3 f5 14. Qe2 Qh4
15. Bd2 Qxa4 16. Nc3 Qh4 17. a3 Rae8 18. Nd1 Nb7 19. Ne3 e4 20. g3 Qh3 21. Ng2
Nc5 22. d4 Ne6 23. Qc4 Kh7 24. Rae1 g5 25. d5 cxd5 26. Qxd5 f4 27. Qxd6 f3 28.
Qxd7+ Kg6 29. Ne3 Re7 30. Qxe7 Nf4 31. Qd6+ Kh5 32. gxf4 Rxf4 33. Qxf4 gxf4 34.
Bc3 fxe3 35. fxe3 Qg2# 0-1

[Event "ch-FRA Blitz Online Qual"]
[Site "Europe-Chess INT"]
[Date "2020.05.16"]
[Round "3"]
[White "Zienkiewicz, Alexandre"]
[Black "Breuil, Virgile"]
[Result "0-1"]
[WhiteElo "2049"]
[BlackElo "1622"]
[WhiteFideId "20610327"]
[BlackFideId "45163693"]
[EventDate "2020.05.16"]

1. Nf3 d5 2. c4 dxc4 3. Na3 Nf6 4. Nxc4 Nc6 5. d3 Bf5 6. g3 e6 7. Bg2 Bc5 8. O-O
O-O 9. a3 a5 10. Nfe5 Nxe5 11. Nxe5 Rb8 12. Bg5 Bd4 13. Bxf6 gxf6 14. Nc4 a4 15.
Rb1 b5 16. Na5 Qd6 17. Nc6 Rb6 18. Qc2 Bc5 19. Rbc1 Bd4 20. Nxd4 Qxd4 21. Qxc7
Rfb8 22. Qc3 Qd8 23. Qxf6 Qxf6 24. Rc3 e5 25. Rfc1 Bd7 26. Rc5 Bf5 27. h3 Rd6
28. g4 Be6 29. Be4 Rdd8 30. Rc7 Rdc8 31. Kg2 Rxc7 32. Rxc7 Rc8 33. Rb7 Rc5 34.
f3 Bd5 35. Bf5 Rc2 36. Rb8+ Kg7 37. Kf2 Qh4+ 38. Ke3 Qe1 0-1

[Event "ch-FRA Blitz Online Qual"]
[Site "Europe-Chess INT"]
[Date "2020.05.16"]
[Round "3"]
[White "Lissillour, Baptiste"]
[Black "Labrande, Theodore"]
[Result "1-0"]
[WhiteElo "1731"]
[BlackElo "2077"]
[WhiteFideId "45179620"]
[BlackFideId "36045780"]
[EventDate "2020.05.16"]

1. d4 d5 2. Nf3 e6 3. c4 Nf6 4. Nc3 Be7 5. Bg5 Nbd7 6. e3 h6 7. Bh4 O-O 8. cxd5
Nxd5 9. Bxe7 Qxe7 10. Bd3 c5 11. O-O Nb4 12. Bb1 b6 13. a3 Nc6 14. Qd3 Nf6 15.
e4 e5 16. dxe5 Nxe5 17. Nxe5 Qxe5 18. Kh1 Qd4 19. Qg3 Bb7 20. Rd1 Qc4 21. Ba2
Qa6 22. e5 Ne4 23. Nxe4 Bxe4 24. e6 c4 25. Rd4 Bd3 26. exf7+ Rxf7 27. Rxd3 cxd3
28. Bxf7+ Kxf7 29. Qf3+ Kg6 30. Qxa8 d2 31. Qe4+ Kf7 32. Qd5+ Kg6 33. Qxd2 Qc8
34. Rc1 Qg4 35. Qc2+ Kf7 36. Qc4+ Qxc4 37. Rxc4 a6 38. Rc6 a5 39. Rxb6 a4 40.
Ra6 1-0

[Event "ch-FRA Blitz Online Qual"]
[Site "Europe-Chess INT"]
[Date "2020.05.16"]
[Round "3"]
[White "Del Giovane, Fabio"]
[Black "Grosse, Ludovic"]
[Result "1-0"]
[WhiteElo "1629"]
[BlackElo "1958"]
[WhiteFideId "45142190"]
[BlackFideId "26045842"]
[EventDate "2020.05.16"]

1. e4 c5 2. Nf3 d6 3. Bb5+ Nd7 4. Bxd7+ Bxd7 5. O-O Nf6 6. Re1 Qc7 7. c3 Bc6 8.
d3 g6 9. Nbd2 Bg7 10. d4 cxd4 11. cxd4 O-O 12. d5 Bd7 13. Nb3 a5 14. Qe2 a4 15.
Nbd4 Qb6 16. Be3 Ng4 17. Ne6 Nxe3 18. Nxf8 Kxf8 19. Qxe3 Qxb2 20. Rab1 Qxa2 21.
Rxb7 Be8 22. Qg5 f6 23. Qc1 a3 24. Qc7 Bh8 25. Qxe7+ Kg8 26. Qxh7+ Kf8 27. Qxh8# 1-0

[Event "ch-FRA Blitz Online Qual"]
[Site "Europe-Chess INT"]
[Date "2020.05.16"]
[Round "3"]
[White "Perrin, Antoine"]
[Black "Grimault, Leane"]
[Result "1-0"]
[WhiteElo "1967"]
[BlackElo "1622"]
[WhiteFideId "45127255"]
[BlackFideId "36056847"]
[EventDate "2020.05.16"]

1. e4 d5 2. exd5 Qxd5 3. Nf3 Nf6 4. d4 Bf5 5. c4 Qd6 6. Be2 Nc6 7. O-O O-O-O 8.
d5 Ne5 9. Qa4 a6 10. Be3 e6 11. dxe6 Bxe6 12. Rd1 Nxf3+ 13. Bxf3 Qe7 14. Nc3 Bg4
15. Bxg4+ Nxg4 16. Bf4 g6 17. Qa5 Bg7 18. Re1 Qd7 19. Nd5 b6 20. Qxa6+ Kb8 21.
Qxb6+ Kc8 22. Qa6+ Kb8 23. Bxc7+ 1-0

[Event "ch-FRA Blitz Online Qual"]
[Site "Europe-Chess INT"]
[Date "2020.05.16"]
[Round "3"]
[White "Reuillon, Hadrien"]
[Black "Monnot, Leo"]
[Result "0-1"]
[WhiteElo "1817"]
[BlackElo "1964"]
[WhiteFideId "45133972"]
[BlackFideId "26093103"]
[EventDate "2020.05.16"]

1. e4 e5 2. Nf3 Nc6 3. Bc4 Nf6 4. Ng5 d5 5. exd5 Na5 6. Bb5+ c6 7. dxc6 bxc6 8.
Qf3 Be7 9. O-O O-O 10. Nc3 h6 11. Nh3 Bxh3 12. gxh3 cxb5 13. Kh1 Qc8 14. d3 Qb7
15. Ne4 Nxe4 16. dxe4 f5 17. Rg1 Qxe4 18. Qxe4 fxe4 19. Bxh6 Bf6 20. Be3 Nc4 21.
Bc5 Rfc8 22. b4 a5 23. c3 e3 24. fxe3 e4 25. Rg4 axb4 26. Bxb4 Nxe3 27. Rxe4 Nc2
28. Rg1 Nxb4 29. Rxb4 Rxa2 30. Rxb5 Rxc3 31. Rf5 Rxh3 32. Rg2 Ra1+ 33. Rg1 Rxg1+
34. Kxg1 Kf7 35. Kg2 Ra3 36. h3 g6 37. Rb5 Ke6 38. Rb6+ Kf5 39. Rb5+ Be5 40. Rc5
Rg3+ 41. Kf2 Rxh3 42. Rc6 g5 43. Kg2 g4 44. Rc8 Rh2+ 45. Kg1 g3 46. Rf8+ Ke4 47.
Rg8 Bd4+ 48. Kf1 Rf2+ 49. Ke1 g2 50. Rg4+ Kf3 51. Rg8 Rf1+ 52. Kd2 g1=Q 0-1

[Event "ch-FRA Blitz Online Qual"]
[Site "Europe-Chess INT"]
[Date "2020.05.16"]
[Round "3"]
[White "Burgalat, Eliot"]
[Black "Menoux, Joachim"]
[Result "1-0"]
[WhiteElo "1963"]
[BlackElo "1627"]
[WhiteFideId "36068659"]
[BlackFideId "36066206"]
[EventDate "2020.05.16"]

1. Nf3 Nf6 2. d4 d5 3. c4 g6 4. Nc3 Bg7 5. g3 O-O 6. Bg2 c5 7. e3 cxd4 8. Nxd4
e5 9. Nf3 e4 10. Nd4 Bg4 11. f3 exf3 12. Bxf3 Bxf3 13. Qxf3 Re8 14. O-O Qb6 15.
Nxd5 Nxd5 16. Qxf7+ Kh8 17. Qxe8+ Bf8 18. Qxf8# 1-0

[Event "ch-FRA Blitz Online Qual"]
[Site "Europe-Chess INT"]
[Date "2020.05.16"]
[Round "3"]
[White "Boulos, Carlos"]
[Black "Dincov, Matei"]
[Result "0-1"]
[WhiteElo "2147"]
[BlackElo "1714"]
[WhiteFideId "5302749"]
[BlackFideId "45118620"]
[EventDate "2020.05.16"]

1. e4 e5 2. Nf3 Nc6 3. Nc3 Nf6 4. Bb5 d6 5. d4 exd4 6. Nxd4 Bd7 7. Bxc6 bxc6 8.
Qf3 Be7 9. e5 dxe5 10. Nxc6 Bxc6 11. Qxc6+ Nd7 12. Be3 O-O 13. O-O-O Bd6 14. Nb5
Nb6 15. Nxd6 cxd6 16. Qxd6 Qe8 17. Rd3 Qa4 18. Ra3 Qe4 19. f3 Qf5 20. Rc3 Rac8
21. Rxc8 Rxc8 22. c3 Nc4 23. Qa6 Nxe3 24. Qa4 Nxg2 25. Rd1 Ne3 26. Rd2 Qxf3 27.
Qa6 Qh1+ 28. Rd1 Qxd1# 0-1

[Event "ch-FRA Blitz Online Qual"]
[Site "Europe-Chess INT"]
[Date "2020.05.16"]
[Round "3"]
[White "Gordon, James"]
[Black "Quere, Alexandre"]
[Result "1-0"]
[WhiteElo "1775"]
[BlackElo "2022"]
[WhiteFideId "45186154"]
[BlackFideId "631086"]
[EventDate "2020.05.16"]

1. d4 Nf6 2. Nf3 g6 3. c4 Bg7 4. Nc3 O-O 5. e4 d6 6. Be2 Na6 7. O-O e5 8. d5 Nc5
9. Nd2 a5 10. b3 h5 11. a3 Bh6 12. Qc2 Nh7 13. Nf3 Bxc1 14. Rfxc1 a4 15. Nxa4
Nxa4 16. bxa4 Bd7 17. c5 Bxa4 18. Qd2 Kg7 19. cxd6 cxd6 20. Qb4 Qd7 21. Rc3 Rfc8
22. Rac1 Rxc3 23. Qxc3 Nf6 24. Nd2 Bb5 25. Bf3 Ne8 26. h3 Ra4 27. Bd1 Ra8 28.
Nb1 Ba6 29. Qb4 b5 30. Nd2 Rc8 31. Qb2 Rxc1 32. Qxc1 Qc7 33. Qxc7 Nxc7 34. Nb3
Kh6 35. h4 f5 36. f3 Na8 37. Na5 Nb6 38. Be2 Nc4 39. a4 fxe4 40. axb5 exf3 41.
Bxc4 Bc8 42. b6 fxg2 43. b7 g5 44. bxc8=Q 1-0

[Event "ch-FRA Blitz Online Qual"]
[Site "Europe-Chess INT"]
[Date "2020.05.16"]
[Round "3"]
[White "Gretry, Patrice"]
[Black "Duprey, Francois-xavier"]
[Result "1-0"]
[WhiteElo "2017"]
[BlackElo "1613"]
[WhiteFideId "624675"]
[BlackFideId "20612516"]
[EventDate "2020.05.16"]

1. e4 c5 2. Nf3 d6 3. d4 cxd4 4. Nxd4 Nf6 5. Nc3 g6 6. Be3 Bg7 7. f3 Nc6 8. Qd2
O-O 9. O-O-O d5 10. Nxc6 bxc6 11. exd5 Nxd5 12. Nxd5 cxd5 13. Qxd5 Qc7 14. Qc5
Qb7 15. c3 Rb8 16. Qa3 Bf5 17. Bd3 Be6 18. Rd2 Rfc8 19. Rc2 Rd8 20. Rd1 Rxd3 21.
Rxd3 Bf5 22. Rcd2 Bxd3 23. Rxd3 Qb5 24. Rd2 Qf1+ 25. Kc2 Qc4 26. g3 e6 27. f4
Qe4+ 28. Rd3 Rd8 29. Qa6 Qg2+ 30. Bd2 Rxd3 31. Qxd3 Qa8 32. Qa6 e5 33. a4 exf4
34. Bxf4 Qe4+ 35. Kb3 Qd5+ 36. Qc4 Qd1+ 37. Ka2 h6 38. Qb3 Qd7 39. Qb5 Qe6+ 40.
Qb3 Qd7 41. Qb5 Qe6+ 42. c4 a6 43. Qd5 Qe8 44. Kb3 Qe2 45. Bc1 Qe7 46. Qa8+ Kh7
47. Qxa6 Qe5 48. Qb5 Qe1 49. Bf4 Qd1+ 50. Ka2 g5 51. Bc7 Qc2 52. h4 gxh4 53.
gxh4 Qd3 54. Qb3 Qd7 55. Bf4 Qf5 56. Bc1 Qg4 57. Qc2+ Kh8 58. c5 Qb4 59. c6 Qb8
60. c7 Qc8 61. b4 Qe6+ 62. Qb3 Qe2+ 63. Bb2 Bxb2 64. Qxb2+ Qxb2+ 65. Kxb2 Kg7
66. c8=Q 1-0

[Event "ch-FRA Blitz Online Qual"]
[Site "Europe-Chess INT"]
[Date "2020.05.16"]
[Round "3"]
[White "Courbi, Stephane"]
[Black "Hucault, Christophe"]
[Result "1-0"]
[WhiteElo "1955"]
[BlackElo "1612"]
[WhiteFideId "647462"]
[BlackFideId "26057336"]
[EventDate "2020.05.16"]

1. e4 c5 2. Nf3 e6 3. d4 cxd4 4. Nxd4 Nf6 5. Nc3 Nc6 6. Ndb5 Bc5 7. Nd6+ Ke7 8.
Nxc8+ Rxc8 9. Be2 d5 10. exd5 Nxd5 11. Nxd5+ Qxd5 12. Qxd5 exd5 13. O-O Rhe8 14.
c3 Kf8 15. Bf3 Rcd8 16. Bf4 Ne5 17. Be2 Ng6 18. Be3 d4 19. cxd4 Bxd4 20. Bxd4
Rxd4 21. Bf3 b6 22. Rfd1 Rc4 23. Rac1 Rxc1 24. Rxc1 Ne5 25. Be2 Ke7 26. Rc7+ Kf6
27. Rxa7 Re6 28. h3 h6 29. Rb7 Ng6 30. Bf3 Re1+ 31. Kh2 Re6 32. Bd5 Re7 33.
Rxb6+ Ke5 34. Bf3 Nh4 35. Kg3 Nf5+ 36. Kh2 Nd4 37. Bd1 Ra7 38. a3 f6 39. a4 Ne6
40. b4 Nc7 41. a5 Nd5 42. Rb8 Nc3 43. Bf3 g6 44. Rb7 Ra6 45. Rb6 Ra7 46. a6 Ne4
47. Bxe4 Kxe4 48. Rxf6 1-0

[Event "ch-FRA Blitz Online Qual"]
[Site "Europe-Chess INT"]
[Date "2020.05.16"]
[Round "3"]
[White "Joly, Julien"]
[Black "Tuillier, Valentin"]
[Result "1-0"]
[WhiteElo "2188"]
[BlackElo "1607"]
[WhiteFideId "26082284"]
[BlackFideId "36020800"]
[EventDate "2020.05.16"]

1. e4 c5 2. Nf3 Nc6 3. d4 cxd4 4. Nxd4 e5 5. Nb5 d6 6. c4 Be7 7. N5c3 Nf6 8. Bd3
Be6 9. Nd5 Bxd5 10. cxd5 Nd4 11. Be3 Qa5+ 12. Nc3 O-O 13. O-O Rac8 14. Kh1 a6
15. f4 Qb4 16. Rb1 exf4 17. a3 Qb6 18. Bg1 Nd7 19. Ne2 Bf6 20. b4 h6 21. Rxf4
Be5 22. Rf1 Nf6 23. Bc2 Rc4 24. Bb3 Rfc8 25. Bxc4 Rxc4 26. Rc1 Rxc1 27. Qxc1
Nxe2 28. Qc8+ 1-0

[Event "ch-FRA Blitz Online Qual"]
[Site "Europe-Chess INT"]
[Date "2020.05.16"]
[Round "3"]
[White "Suspene, Jacques"]
[Black "Zanin, Dario"]
[Result "1-0"]
[WhiteElo "1610"]
[BlackElo "1918"]
[WhiteFideId "651023059"]
[BlackFideId "615919"]
[EventDate "2020.05.16"]

1. e4 e5 2. Nf3 Nc6 3. d4 exd4 4. Bc4 Nf6 5. O-O d6 6. Re1 Be7 7. Nxd4 Nxd4 8.
Qxd4 O-O 9. Nc3 Be6 10. Bxe6 fxe6 11. Qc4 Qd7 12. Bg5 Kh8 13. Rad1 e5 14. Bxf6
Bxf6 15. Nd5 Rac8 16. Re2 Qf7 17. a4 c6 18. Ne3 Be7 19. Qxf7 Rxf7 20. Nf5 Rd8
21. Red2 d5 22. Nxe7 Rxe7 23. exd5 cxd5 24. Rxd5 Rxd5 25. Rxd5 g6 26. c4 Kg7 27.
f3 Kf6 28. Kf2 Rc7 29. b3 Ke6 30. Ke3 Rf7 31. g3 Rf5 32. b4 h5 33. Ke4 a6 34. f4
exf4 35. Rxf5 gxf5+ 36. Kxf4 Kf6 37. c5 Ke6 38. b5 axb5 39. axb5 Kd5 40. c6 bxc6
41. bxc6 Kxc6 42. Kxf5 Kd5 43. Kg5 Ke5 44. Kxh5 Kf6 45. g4 Kg7 46. g5 Kh7 47.
g6+ Kg7 48. Kg5 Kg8 49. Kf6 Kh8 50. g7+ Kg8 51. h3 Kh7 52. Kf7 Kh6 53. g8=Q Kh5
54. Qg4+ Kh6 55. Qg6# 1-0

[Event "ch-FRA Blitz Online Qual"]
[Site "Europe-Chess INT"]
[Date "2020.05.16"]
[Round "3"]
[White "Babaud, Antoine"]
[Black "Trevisiol, Antoine"]
[Result "0-1"]
[WhiteElo "1943"]
[BlackElo "1788"]
[WhiteFideId "45185484"]
[BlackFideId "45136530"]
[EventDate "2020.05.16"]

1. d4 Nf6 2. c4 c5 3. d5 b5 4. cxb5 a6 5. b6 d6 6. Nc3 g6 7. e4 Qxb6 8. Nf3 Bg4
9. Be2 Nbd7 10. O-O Bg7 11. Rb1 O-O 12. Be3 Ne8 13. Qc2 Qa5 14. h3 Bxf3 15. Bxf3
Nc7 16. Bd2 Rab8 17. Be2 Qb6 18. Na4 Qa7 19. a3 Rfc8 20. Rfc1 Nb5 21. Qd1 Nd4
22. Nc3 Rc7 23. b4 cxb4 24. axb4 Rcb7 25. Na2 Ne5 26. Be3 Nxe2+ 27. Qxe2 Qa8 28.
Rc2 a5 29. b5 a4 30. b6 Qa5 31. Nc3 a3 32. Ra1 Nd7 33. Qd3 Nxb6 34. Raa2 Na4 35.
Nxa4 Qxa4 36. Qxa3 Rb1+ 37. Kh2 Qxe4 38. Qa5 Be5+ 39. f4 Bxf4+ 40. Bxf4 Qxf4+
41. g3 Qf1 42. g4 Qg1# 0-1

[Event "ch-FRA Blitz Online Qual"]
[Site "Europe-Chess INT"]
[Date "2020.05.16"]
[Round "3"]
[White "Douchez, Tony"]
[Black "Blachon, Pascal"]
[Result "1-0"]
[WhiteElo "1630"]
[BlackElo "1955"]
[WhiteFideId "36087785"]
[BlackFideId "636320"]
[EventDate "2020.05.16"]

1. e4 d5 2. exd5 c6 3. dxc6 Nxc6 4. Nf3 e5 5. Bb5 Bd6 6. d3 Ne7 7. Nc3 O-O 8.
O-O a6 9. Bc4 Bg4 10. Ne4 Bc7 11. h3 Bh5 12. Ng3 Bg6 13. Nh4 Na5 14. Qg4 Nxc4
15. Qxc4 Rc8 16. Qb3 b5 17. Bg5 Re8 18. Nxg6 hxg6 19. Ne4 Bb6 20. Qa3 Rc6 21.
Kh1 Qc7 22. c3 f6 23. Be3 Rd8 24. Bxb6 Rxb6 25. Rad1 Nd5 26. Qb3 Kh7 27. g3 Rb7
28. Kh2 Ne7 29. Qc2 Nf5 30. Qe2 Qf7 31. b3 Rbd7 32. c4 Nd4 33. Qb2 Qe7 34. Nd2
Nf5 35. Nf3 Rxd3 36. Rxd3 Rxd3 37. Qe2 bxc4 38. bxc4 Rd7 39. Rd1 Rxd1 40. Qxd1
Qc5 41. Qc2 Nd4 42. Nxd4 exd4 43. Qd3 f5 44. Kg2 a5 45. Kf1 a4 46. Ke2 a3 47.
Kd2 Kg8 48. Kc2 Kf7 49. Qb3 d3+ 50. Qxd3 Qxf2+ 51. Kb3 Qb2+ 52. Ka4 Qg2 53. Qd5+
Qxd5 54. cxd5 Ke7 55. Kxa3 Kd6 56. Kb4 Kxd5 57. a4 Kc6 58. Kc4 g5 59. Kd4 f4 60.
gxf4 gxf4 61. h4 f3 62. Ke3 f2 63. Kxf2 Kb6 64. Kg3 Ka5 65. Kg4 Kxa4 66. Kg5 Kb5
67. Kg6 Kc6 68. Kxg7 Kd7 69. h5 1-0

[Event "ch-FRA Blitz Online Qual"]
[Site "Europe-Chess INT"]
[Date "2020.05.16"]
[Round "3"]
[White "Zniber, Reda"]
[Black "Lapitski, Yaroslav"]
[Result "1/2-1/2"]
[WhiteElo "1986"]
[BlackElo "1765"]
[WhiteFideId "36054224"]
[BlackFideId "13519468"]
[EventDate "2020.05.16"]

1. c4 e5 2. g3 Nf6 3. Bg2 Be7 4. Nc3 O-O 5. Nf3 Nc6 6. O-O Re8 7. d4 exd4 8.
Nxd4 Nxd4 9. Qxd4 d6 10. Rd1 Be6 11. Bxb7 Rb8 12. Bg2 Nd7 13. Nd5 Bf8 14. b3 c6
15. Ne3 Qc7 16. Bb2 f6 17. Rac1 Ne5 18. h3 a5 19. f4 Nf7 20. Kh2 a4 21. Rd3 axb3
22. Rxb3 Rxb3 23. axb3 Rb8 24. Qd3 Qb6 25. Bd4 Qxb3 26. Qxb3 Rxb3 27. Bxc6 Nd8
28. Bf3 Bf7 29. Nd5 Ne6 30. Bf2 Rb2 31. Kg2 g5 32. f5 Nc5 33. Nxf6+ Kg7 34. Ne4
Nxe4 35. Bxe4 Rxe2 36. Bf3 Rb2 37. Kg1 Kg8 38. g4 Rb4 39. Bd5 Bxd5 40. cxd5 Rb5
41. Re1 Rxd5 42. Re6 Rd1+ 43. Kg2 Kf7 44. Kf3 h5 45. gxh5 Rd3+ 46. Kg2 Rd5 47.
h6 Rxf5 48. h7 Kg7 49. h8=Q+ Kxh8 50. Bd4+ Kh7 51. Kg3 Rf4 52. Be3 Rf5 53. Kg4
Rb5 54. Bxg5 Rb4+ 55. Kg3 d5 56. Bf4 d4 57. Re8 Bc5 58. Rd8 Rb3+ 59. Kg4 Rb1 60.
h4 Rg1+ 61. Kh5 Rf1 62. Kg4 Rg1+ 63. Kf5 Rf1 64. Rd5 Bb6 65. Ke5 Bc7+ 66. Ke6
Bxf4 67. Rxd4 Be3 68. Re4 Bc1 69. Kd5 Kh6 70. Kd4 Kh5 71. Kd3 Rd1+ 72. Ke2 Rd8
73. Kf3 Rf8+ 74. Kg2 Rg8+ 75. Kh3 Rf8 76. Rc4 Rf7 77. Rxc1 Rf3+ 78. Kg2 Rf4 79.
Kg3 Ra4 80. Rc5+ Kh6 81. Rb5 Ra3+ 82. Kg4 Ra4+ 83. Kh3 Ra3+ 84. Kh2 Ra2+ 85. Kg3
Ra3+ 86. Kf2 Ra2+ 87. Ke3 Rh2 88. Rb4 Kh5 89. Kf3 Rxh4 90. Rb5+ Kg6 91. Kg3 Rc4
92. Rb6+ 1/2-1/2

[Event "ch-FRA Blitz Online Qual"]
[Site "Europe-Chess INT"]
[Date "2020.05.16"]
[Round "3"]
[White "Fernandez, Jose"]
[Black "Haberthur, Maxime"]
[Result "0-1"]
[WhiteElo "1597"]
[BlackElo "1941"]
[WhiteFideId "26088983"]
[BlackFideId "36097551"]
[EventDate "2020.05.16"]

1. e4 c6 2. d4 d5 3. Nc3 dxe4 4. Nxe4 Nf6 5. Nxf6+ exf6 6. Nf3 Bd6 7. Bc4 O-O 8.
O-O Bg4 9. h3 Bh5 10. Qd3 Nd7 11. c3 Qc7 12. Be3 Bxf3 13. gxf3 Rfe8 14. Qf5 Nf8
15. Rae1 Ng6 16. Qg4 Qc8 17. Bd2 c5 18. Bd5 cxd4 19. cxd4 Qc2 20. Bc3 f5 21. Qg2
Nf4 22. Bxf7+ Kxf7 0-1

[Event "ch-FRA Blitz Online Qual"]
[Site "Europe-Chess INT"]
[Date "2020.05.16"]
[Round "3"]
[White "Ciarletta, Ulysse"]
[Black "Lamaze, Simon"]
[Result "0-1"]
[BlackTitle "CM"]
[WhiteElo "1599"]
[BlackElo "2185"]
[WhiteFideId "45133000"]
[BlackFideId "36069264"]
[EventDate "2020.05.16"]

1. d4 Nf6 2. c4 e6 3. Nc3 Bb4 4. e3 O-O 5. Bd3 d5 6. Ne2 c5 7. dxc5 Bxc5 8. cxd5
Nxd5 9. O-O Nc6 10. e4 Nxc3 11. Nxc3 Qe7 12. Kh1 Rd8 13. Qe2 Nd4 14. Qd1 b5 15.
Be3 b4 16. Ne2 Bb7 17. Nxd4 Bxd4 18. Bxd4 Rxd4 19. Qe2 Rad8 20. Rfd1 e5 21. f3
Qc5 22. Rac1 Rxd3 0-1

[Event "ch-FRA Blitz Online Qual"]
[Site "Europe-Chess INT"]
[Date "2020.05.16"]
[Round "3"]
[White "Stoll, Lucia"]
[Black "Partac, Elena"]
[Result "0-1"]
[BlackTitle "WGM"]
[WhiteElo "1561"]
[BlackElo "2079"]
[WhiteFideId "45133301"]
[BlackFideId "13901001"]
[EventDate "2020.05.16"]

1. e4 c5 2. Nf3 e6 3. c3 Nf6 4. e5 Nd5 5. d4 cxd4 6. cxd4 d6 7. Bc4 Be7 8. O-O
Nc6 9. Bxd5 exd5 10. Nc3 Be6 11. Bf4 O-O 12. Ne1 dxe5 13. dxe5 d4 14. Ne4 Qd5
15. Qd3 Nxe5 16. Bxe5 Qxe5 17. Nf3 Qh5 18. Qxd4 Rfd8 19. Qe3 Bg4 20. Ng3 Qc5 21.
Rfe1 Qxe3 22. Rxe3 Bf6 23. Re2 Rd3 24. Rae1 g6 25. Ne4 Kg7 26. Nxf6 Kxf6 27. Re3
Rxe3 28. Rxe3 Rd8 29. Kf1 Rd1+ 30. Ke2 Rb1 31. b3 Rb2+ 32. Kd3 Rxf2 33. Nd4 Rxg2
34. a4 Rxh2 35. Re4 Bf5 36. Nxf5 gxf5 37. Rd4 Rh3+ 38. Kc4 Re3 39. Rd7 Re7 40.
Rd6+ Ke5 41. Rh6 f4 42. Rxh7 f3 43. Rh2 Kf4 44. Kd3 Kg3 45. Rh1 f2 46. Kd2 Kg2
47. Rc1 f1=Q 48. Rxf1 Kxf1 49. Kc3 Ke2 50. b4 f5 51. b5 f4 52. Kc4 f3 53. a5 f2
54. b6 axb6 55. axb6 f1=Q 56. Kc5 Qc1+ 57. Kb5 Re5+ 58. Ka4 Qc4+ 59. Ka3 Ra5+
60. Kb2 Ra2+ 61. Kb1 Qc2# 0-1

[Event "ch-FRA Blitz Online Qual"]
[Site "Europe-Chess INT"]
[Date "2020.05.16"]
[Round "3"]
[White "Lavanant, Alexandre"]
[Black "Bui, Christopher"]
[Result "1-0"]
[WhiteElo "1937"]
[BlackElo "1849"]
[WhiteFideId "654949"]
[BlackFideId "45107998"]
[EventDate "2020.05.16"]

1. d4 Nf6 2. Bg5 Ne4 3. Bf4 d5 4. f3 Nf6 5. Nc3 Bf5 6. e3 e6 7. Bd3 Bb4 8. Ne2
O-O 9. O-O Nbd7 10. a3 Bxc3 11. bxc3 Re8 12. c4 c6 13. cxd5 Bxd3 14. Qxd3 exd5
15. Rae1 Rc8 16. Bg3 Qb6 17. Kh1 c5 18. Rb1 Qc6 19. c3 cxd4 20. cxd4 Nb6 21.
Rfc1 Qd7 22. Rxc8 Qxc8 23. Rc1 Qe6 24. Bf2 Nc4 25. Nf4 Qd6 26. a4 Nb6 27. a5
Nbd7 28. Bg3 Qb4 29. Be1 Qd6 30. Qc3 Nf8 31. Qc5 Qxc5 32. Rxc5 Rxe3 33. Bf2 Ra3
34. Nxd5 Ra1+ 35. Bg1 Nxd5 36. Rxd5 g6 37. h3 Kg7 38. Kh2 Ne6 39. Rb5 b6 40.
axb6 axb6 41. d5 Rd1 42. dxe6 fxe6 43. Rxb6 Kf6 44. Bf2 Rd2 45. Bg3 h5 46. Be1
Re2 47. Bc3+ Kf7 48. Rb7+ Kf8 49. Bg7+ Kg8 50. Bh6 e5 51. Rg7+ Kh8 52. Re7 Re1
53. Bf4 Re2 1-0

[Event "ch-FRA Blitz Online Qual"]
[Site "Europe-Chess INT"]
[Date "2020.05.16"]
[Round "3"]
[White "Ben Mohamed, Kader"]
[Black "Roux, Baptiste"]
[Result "1-0"]
[WhiteElo "1591"]
[BlackElo "2145"]
[WhiteFideId "45118523"]
[BlackFideId "36017450"]
[EventDate "2020.05.16"]

1. f4 d5 2. Nf3 Nf6 3. b3 e6 4. Bb2 b6 5. e3 Bb7 6. Bb5+ Nbd7 7. Bxd7+ Qxd7 8.
Ne5 Qd8 9. O-O Be7 10. d3 c5 11. Nd2 O-O 12. Qe1 Rc8 13. Qg3 b5 14. a4 a6 15.
axb5 axb5 16. Ra7 Rc7 17. Rfa1 Kh8 18. Ndf3 c4 19. dxc4 bxc4 20. Nd4 c3 21. Ba3
Ne4 22. Bxe7 Qxe7 23. Qg4 Bc8 24. Ra8 Bb7 25. R8a7 Qc5 26. R1a5 Qb6 27. Qe2 f6
28. Nd3 Rb8 29. Rb5 Qd6 30. Nb4 Qe7 31. Nbc6 Qd6 32. Nxb8 1-0

[Event "ch-FRA Blitz Online Qual"]
[Site "Europe-Chess INT"]
[Date "2020.05.16"]
[Round "3"]
[White "Khachatryan, Samvel S."]
[Black "Vie, Maxence"]
[Result "1-0"]
[WhiteElo "2179"]
[BlackElo "1648"]
[WhiteFideId "13309048"]
[BlackFideId "45150168"]
[EventDate "2020.05.16"]

1. e4 c5 2. Nc3 Nc6 3. Bb5 Nd4 4. Bc4 g6 5. Nge2 Nc6 6. d3 Bg7 7. O-O e6 8. f4
Nge7 9. f5 gxf5 10. exf5 Nxf5 11. Rxf5 exf5 12. Ng3 d6 13. Qh5 Ne5 14. Bg5 Bf6
15. Re1 1-0

[Event "ch-FRA Blitz Online Qual"]
[Site "Europe-Chess INT"]
[Date "2020.05.16"]
[Round "3"]
[White "Vasselin, Louis"]
[Black "Casas, Alexandre"]
[Result "0-1"]
[WhiteElo "1590"]
[BlackElo "1933"]
[WhiteFideId "36070238"]
[BlackFideId "45173451"]
[EventDate "2020.05.16"]

1. d4 Nf6 2. Bf4 e6 3. e3 c5 4. c3 d5 5. Nf3 Bd6 6. Bg3 Nc6 7. Nbd2 O-O 8. Bd3
Re8 9. O-O Bxg3 10. hxg3 e5 11. dxe5 Nxe5 12. Nxe5 Rxe5 13. Nf3 Re7 14. Re1 a6
15. c4 Be6 16. cxd5 Qxd5 17. Qe2 c4 18. Bc2 b5 19. Nd4 Rc7 20. Nxe6 Qxe6 21. Qf3
Rac8 22. Rad1 g6 23. Rd2 Kg7 24. Red1 a5 25. Rd6 Qe5 26. Ra6 Qxb2 27. Rdd6 Qxc2
28. Rxf6 c3 29. Rxa5 b4 30. Raa6 Qb1+ 31. Kh2 c2 32. Rac6 Rxc6 33. Rxf7+ Kg8 34.
Rd7 Qxa2 35. Qe4 Qe6 36. Qd4 Qf6 37. Qd5+ Kh8 38. Rf7 c1=Q 39. Rxf6 Rxf6 40. Qe5
Qc3 41. Qe7 Rcf8 0-1